000 00886nam a22002177a 4500
003 OSt
005 20260211082550.0
008 240820b ||||| |||| 00| 0 eng d
040 _c0
082 _aDPer 320.05 As421 April-December 2020 v. 28 n. 1-3
100 _aBudi, Arya.
_eauthor.
_958474
245 _aLess democracy, more centralism :
_bthe selection of candidates by Golkar and PDIP in Indonesian subnational executive elections, 2005-2020 /
_cArya Budi.
260 _aUnited Kingdom ;
_bTaylor & Francis Group ,
_cDecember 2020.
300 _aVolume 28, pages 236-255 :
_billustration ;
_c26 cm.
500 _aAsian Journal of Political Science, vol. 28, no. 3, pages 236-255, December 2020.
650 0 _a Candidate selection.
_967023
650 0 _aIndonesia.
_967014
650 0 _aIntra-party politics.
_967024
700 _aBudi, Arya.
_eauthor.
_958474
942 _2ddc
_cPER
999 _c20702
_d20702